La evolución del marxismo soviético (Record no. 50807)

MARC details
000 -LEADER
campo de control de longitud fija 00568nam a2200169 i 4500
001 - NÚMERO DE CONTROL
campo de control 50807
003 - IDENTIFICADOR DE NÚMERO DE CONTROL
campo de control ES-MaACL
005 - FECHA Y HORA DE LA ÚLTIMA TRANSACCIÓN
campo de control 20230906162236.0
007 - CAMPO FIJO DE DESCRIPCIÓN FÍSICA--INFORMACIÓN GENERAL
campo de control de longitud fija t|
008 - DATOS DE LONGITUD FIJA--INFORMACIÓN GENERAL
campo de control de longitud fija 030806s1979 sp ||||1| spa d
100 1# - ENTRADA PRINCIPAL--NOMBRE DE PERSONA
Nombre de persona Chambre, Henri.
9 (RLIN) 37867
245 13 - MENCIÓN DEL TÍTULO
Título La evolución del marxismo soviético
Resto del título : teoría económica y derecho /
Mención de responsabilidad, etc. Henri Chamber ; [traducción por Miguel A. Fernández Ballesteros].
260 ## - PUBLICACIÓN, DISTRIBUCIÓN, ETC.
Lugar de publicación, distribución, etc. Madrid :
Nombre del editor, distribuidor, etc. Tecnos,
Fecha de publicación, distribución, etc. [1979]
300 ## - DESCRIPCIÓN FÍSICA
Extensión 358 p. ;
Dimensiones 24 cm.
700 1# - ENTRADA AGREGADA--NOMBRE PERSONAL
Nombre de persona Fernández Ballesteros, Miguel A.
9 (RLIN) 49497
852 ## - LOCALIZACIÓN
Ubicación ES-MaACL
Número de control de estantería A-10317
Sublocalización o colección R.99303
Holdings
Estatus retirado Estado de pérdida Estado de daño No para préstamo Biblioteca de origen Biblioteca actual Ubicación en estantería Fecha de adquisición Fuente de adquisición Total de préstamos Signatura topográfica completa Código de barras Visto por última vez Precio de reemplazo Tipo de ítem Koha
        Biblioteca del Ateneo de Madrid Biblioteca del Ateneo de Madrid Depósito 1 17/01/2008     A-10317 1053437 23/02/2023 23/02/2023 Libro impreso